QUIZ SUR FORSAKEN ROBLOX - Statistiques

Statistiques générales
  • Ce quiz a été pris 12 fois
    11 depuis la dernière actualisation
  • Le résultat moyen est 16 sur 35
Statistiques - réponses
Par images Réponse % Correct
noob / débutant
100%
elliot
71%
007n7
57%
1x1x1x1
57%
builderman / constructeur
57%
c00lkidd / c00lkid / coolkid / coolkidd
57%
chance
57%
dusekkar
57%
guest 1337 / invité 1337
57%
guest 666 / invité 666
57%
jane doe
57%
john doe
57%
noli
57%
nosferatu
57%
shedletsky
57%
slasher / coupeur
57%
taph / tapper
57%
two time / deux fois
57%
veeronica / véronica
57%
elliot milestone 1 / elliot m1 / elliot étape 1
29%
elliot milestone 2 / elliot m2 / elliot étape 2
29%
elliot milestone 3 / elliot m3 / elliot étape 3
29%
elliot milestone 4 / elliot m4 / elliot étape 4
29%
guest 1337 milestone 1 / guest 1337 m1 / invité 1337 étape 1
29%
guest 1337 milestone 2 / guest 1337 m2 / invité 1337 étape 2
29%
guest 1337 milestone 3 / guest 1337 m3 / invité 1337 étape 3
29%
guest 1337 milestone 4 / guest 1337 m4 / invité 1337 étape 4
29%
noob milestone 1 / noob m1 / débutant étape 1
29%
noob milestone 2 / noob m2 / débutant étape 2
29%
noob milestone 3 / noob m3 / débutant étape 3
29%
noob milestone 4 / noob m4 / débutany étape 4
29%
shedletsky milestone 1 / shedletsky m1 / shedletsky étape 1
29%
shedletsky milestone 2 / shedletsky m2 / shedletsky étape 2
29%
shedletsky milestone 3 / shedletsky m3 / shedletsky étape 3
29%
shedletsky milestone 4 / shedletsky m4 / shedletsky étape 4
29%
Aucun quiz correspondant
Distribution des résultats
% des personnes avec chaque résultat
Percentile par nombre de réponses
Votre historique - résultats
Vous n’avez pas pris ce quiz depuis la dernière actualisation